| 000 | 01069cam a2200337 i 4500 | ||
|---|---|---|---|
| 005 | 20260322212003.0 | ||
| 008 | data | ||
| 010 | _a 2014397568 | ||
| 020 | _a9781782740667 (hardback) | ||
| 020 | _a178274066X | ||
| 040 |
_aDLC _beng _cDLC _erda _dDLC |
||
| 042 | _apcc | ||
| 050 | 0 | 0 |
_aUG1240 _b.N494 2013 |
| 082 | 0 | 4 |
_a623.746 _223 |
| 092 | _a623.7 NEW 2013 | ||
| 100 | 1 | _aNewdick, Thomas. | |
| 245 | 1 | 0 |
_aModern military aircraft : _bthe world's great weapons / _cThomas Newdick & Tom Cooper. |
| 264 | 1 |
_aLondon : _bAmber Books, _c[2013] |
|
| 300 |
_a384 pages : _bcolor illustrations, maps ; _c25 cm |
||
| 336 |
_atext _2rdacontent |
||
| 337 |
_aunmediated _2rdamedia |
||
| 338 |
_avolume _2rdacarrier |
||
| 500 | _aIncludes index. | ||
| 650 | 0 |
_aAirplanes, Military _xHistory. |
|
| 650 | 0 |
_aAirplanes, Military _xHistory _vPictorial works |
|
| 700 | 1 |
_aCooper, Tom, _d1970- |
|
| 906 |
_a7 _bcbc _cpcc _d2 _encip _f20 _gy-gencatlg |
||
| 925 | 0 |
_aacquire _b2 shelf copies _xpolicy default |
|
| 001 | data | ||
| 999 |
_c12 _d12 |
||